书目信息 |
| 书名: | Guidance services | |
| 作者: | ||
| 分册号: | ||
| 分册名: | 出版地: | New York : |
|
| 出版社: | Harper & Row | |
| 出版时间: | 1965. | |
| 页数: | 418 p. : | |
| 开本: | 20020930 | |
| 丛书名: | ||
| 中图分类号: | ||
| 科图分类号: | ||
| 其他分类号: | C933 | |
| 主题词: | ||
| 电子资源: | ||
| 000 | 00537nam 2200193 a 4500 | |
| 001 | E0732390215 | |
| 005 | 20070505090021.18 | |
| 008 | uu | |
| 040 | @aNLC | |
| 049 | @aN5LA | |
| 090 | @a2/G571.20/MCH/////////////930385 | |
| 090 | @aC933 | |
| 096 | @aG571.20 @v2 | |
| 099 | @dC933@ex87 | |
| 100 | 1 | @aMiller, Carroll H. |
| 245 | 10 | @aGuidance services :@ban introduction |
| 260 | @aNew York :@bHarper & Row,@c1965. | |
| 300 | @a418 p. :@b00 ;@c20020930@lNLC09@h2244@lNLC09@h2233@lNLC09@h1825 | |
| 852 | 9 | @bWWJC @cJ08S @k2 @hG571.20 @iMCH |
| Guidance services : : an introduction.-New York : : Harper & Row, , 1965. |
| 418 p. : : 00 ; ; 20020930 |
| ISBN |
| ● |
| 相关链接 |
|
|
|
|
正题名:Guidance services
索取号:C933/x87
 
预约/预借
| 序号 | 登录号 | 条形码 | 馆藏地/架位号 | 状态 | 备注 |
| 1 | 006094 | 300060948 | 第二样本阅览室/ [索取号:C933/x87] | 在馆 |